000 00512cam a2200205ua 4500
001 9552
008 160217n ii |||gr||||Z||||||eng
020 _a9788176489553
040 _cMAIN
041 _aeng
082 _a370.71
100 _aSingh, Yogesh Kumar,
_eAuthor.
245 1 _aTeacher education
_cby Yogesh Kumar Singh
260 _aNew Delhi:
_bAPH publishing,
_c2014.
300 _a260p.
653 _aEducation
653 _aBEd course material
700 _aNath, Ruchika,
_eAuthor.
942 _cBK
999 _c8584
_d8584